[Event "US Chess League 2013"]
[Site "chess.com INT"]
[Date "2013.10.01"]
[Round "6"]
[White "Hungaski,R"]
[Black "Bonin,J"]
[Result "1-0"]
[WhiteElo "2471"]
[BlackElo "2341"]

1.e4 g6 2.d4 Bg7 3.Nc3 d5 4.e5 c5 5.dxc5 d4 6.Ne4 Bxe5 7.Nf3 Bg7 8.Bb5+ Nc6
9.Qe2 Nf6 10.Bxc6+ bxc6 11.Nd6+ Kf8 12.Nxc8 Rxc8 13.O-O Nd7 14.Rd1 Nxc5 15.Nxd4 Bxd4
16.Bh6+ Ke8 17.Be3 Ne6 18.c3 c5 19.cxd4 cxd4 20.Qa6 Rc7 21.Rac1 Rf8 22.Rxc7 Qxc7
23.Rc1 Qb6 24.Qa4+ Kd8 25.Bd2 Nc5 26.Qxd4+ Nd7 27.Qc4 Ke8 28.Qc8+ Qd8 29.Ba5 Nb6
30.Bxb6 axb6 31.Qc6+  1-0

[Event "23rd EYCC Open U16 2013"]
[Site "Budva MNE"]
[Date "2013.10.05"]
[Round "6.36"]
[White "Motovilnik,Jurij"]
[Black "Taylor,Adam C"]
[Result "1/2-1/2"]
[WhiteElo "1841"]
[BlackElo "2034"]

1.e4 g6 2.d4 Bg7 3.Nc3 a6 4.Be3 b5 5.a3 Bb7 6.f3 d6 7.Qd2 Nd7 8.g4 e5 9.Nge2 Ne7
10.h4 Nc6 11.d5 Ne7 12.Ng3 Nb6 13.Qf2 Bc8 14.Bd3 Bd7 15.h5 f6 16.hxg6 hxg6
17.Rxh8+ Bxh8 18.O-O-O Bg7 19.Rh1 Kf7 20.Bh6 Qf8 21.g5 Ng8 22.Bxg7 Qxg7 23.f4 Re8
24.f5 gxf5 25.Nxf5 Bxf5 26.exf5 Qxg5+ 27.Kb1 Ke7 28.Rh7+ Kd8 29.Ne4 Qf4 30.Qg1 Nc8
31.Qg7 Nce7 32.a4 bxa4 33.Qg1 Nc8 34.Qg7 Nce7 35.Qg1 Nc8 36.Qg7 Nce7  1/2-1/2

[Event "4NCL Team Rapid 2013"]
[Site "Daventry ENG"]
[Date "2013.10.05"]
[Round "4.1"]
[White "Jones,G"]
[Black "Watson,W"]
[Result "1-0"]
[WhiteElo "2638"]
[BlackElo "2498"]

1.e4 g6 2.d4 Bg7 3.Nc3 d5 4.exd5 Nf6 5.Bb5+ Nbd7 6.Nge2 O-O 7.Bxd7 Qxd7 8.Nf4 b5
9.Qf3 Bb7 10.O-O b4 11.Ne4 Qf5 12.Nc5 Bxd5 13.Nxd5 Qxd5 14.Qxd5 Nxd5 15.Rd1 a5
16.Bg5 Rfe8 17.a3 c6 18.Bh4 e5 19.dxe5 Bxe5 20.Nd3 Bd4 21.h3 Re4 22.Bg3 Rae8
23.axb4 axb4 24.Ra6 c5 25.Nxc5 Re1+ 26.Rxe1 Rxe1+ 27.Kh2 Rd1 28.Nd7 Bxb2
29.Ra8+ Kg7 30.Bd6 h5 31.Rb8 Ne3 32.Bf8+ Kh7 33.fxe3 Rxd7 34.Rxb4 Ba3 35.Rb8 Bc1
36.Bc5 Rd2 37.Rf8 Kg7 38.Rc8 Kf6 39.Bd4+ Ke6 40.c4 Rc2 41.c5 h4 42.Re8+ Kd7
43.Rh8 Ba3 44.Rxh4 Bxc5 45.Kg3 Be7 46.Rh8 Ke6 47.Kf3 Rc1 48.Ra8 Rf1+ 49.Ke2 Rg1
50.Ra6+ Kf5 51.e4+  1-0

[Event "4NCL Team Rapid 2013"]
[Site "Daventry ENG"]
[Date "2013.10.05"]
[Round "6.1"]
[White "Pitcher,J"]
[Black "Watson,W"]
[Result "0-1"]
[WhiteElo "2246"]
[BlackElo "2498"]

1.e4 g6 2.d4 Bg7 3.Nc3 d5 4.exd5 Nf6 5.Bb5+ Nbd7 6.Nf3 O-O 7.O-O Nb6 8.Be2 Nbxd5
9.Nxd5 Qxd5 10.c4 Qd6 11.Bg5 c5 12.dxc5 Qxc5 13.Qb3 b6 14.Be3 Qc7 15.h3 Ne4
16.Rac1 Rd8 17.Rfd1 Bb7 18.Qc2 Nc5 19.Nd4 Be4 20.Qc3 Qb7 21.Bf1 Rd7 22.Qe1 Rad8
23.b4 Na4 24.Nb3 Bb2 25.c5 bxc5 26.bxc5 Bxc1 27.Rxc1 Qd5 28.Qb4 Nb2 29.c6 Rc7
30.Rc5 Qe6 31.Nd4 Qxa2 32.Nb5  0-1

[Event "12th Istanbul Open A 2013"]
[Site "Istanbul TUR"]
[Date "2013.10.13"]
[Round "3.15"]
[White "Ozturk,H"]
[Black "Garabetyan,A"]
[Result "0-1"]
[WhiteElo "1809"]
[BlackElo "2074"]

1.e4 g6 2.d4 Bg7 3.Nc3 d5 4.Be3 Nf6 5.e5 Ng4 6.Bf4 c5 7.h3 cxd4 8.Qxd4 Nc6
9.Bb5 Nh6 10.Qxd5 O-O 11.Qxd8 Rxd8 12.Nf3 Nf5 13.O-O Nfd4 14.Nxd4 Rxd4 15.Be3 Rb4
16.Rab1 Bxe5 17.a3 Rh4 18.Nd5 Bd6 19.f4 Be6 20.Rbd1 Rd8 21.Nc3 Bc7 22.Rxd8+ Nxd8
23.Ne2 Rh5 24.Bd3 Nc6 25.Nc3 Bb6 26.Bxb6 axb6 27.Nb5 Na5 28.b3 Bd7 29.Nc3 Rc5
30.Ne4 Rc7 31.Re1 Nc6 32.Ng5 e6 33.Nf3 f6 34.Kf2 Kf7 35.Nd2 Nd4 36.c4 Bc6
37.b4 Ba4 38.Rc1 Rd7 39.Rc3 Rd8 40.Ne4 Bc6 41.g4 h6 42.Ke3 f5 43.Nf2 Kf6
44.Bb1 Bg2 45.Rd3 e5 46.fxe5+ Kxe5 47.Kd2 f4 48.Kc3 g5 49.Rd2 f3 50.Bd3 Kf4
51.c5 Ke3 52.Nd1+ Kf4 53.Nf2 bxc5 54.bxc5 Ne6 55.Kb4 Ke3 56.Rc2 Rxd3 57.Nxd3 Kxd3
58.Rc3+ Kd2 59.Kb3 Nd4+ 60.Kb2 f2  0-1

[Event "TCh-SUI 2013"]
[Site "Switzerland SUI"]
[Date "2013.10.13"]
[Round "9.1"]
[White "Klauser,M"]
[Black "Bellini,F"]
[Result "1-0"]
[WhiteElo "2360"]
[BlackElo "2459"]

1.e4 g6 2.d4 Bg7 3.Nc3 a6 4.Nf3 d6 5.Be3 b5 6.Bd3 Bb7 7.a4 b4 8.Ne2 Nf6 9.Ng3 O-O
10.O-O Nbd7 11.h3 c5 12.c3 bxc3 13.bxc3 Qc7 14.Qd2 e5 15.d5 c4 16.Be2 a5
17.Rab1 Ba6 18.Bh6 Rfb8 19.Bxg7 Kxg7 20.Qg5 Rxb1 21.Rxb1 Rb8 22.Rf1 Kg8 23.Qh4 Kg7
24.Qg5 Ng8 25.Nf5+ Kf8 26.Nh6 Rb2 27.Bd1 Ngf6 28.Qh4 Ng8 29.Ng5 Nxh6 30.Qxh6+ Ke8
31.Nxh7 Qd8 32.Bg4 Qe7 33.Bxd7+ Kxd7 34.f4 exf4 35.Qxf4 f5 36.Ng5 Bb7 37.Ne6 Qf6
38.Qh6 Kc8 39.Rxf5  1-0

[Event "35th Arco Open 2013"]
[Site "Arco ITA"]
[Date "2013.10.18"]
[Round "7.3"]
[White "Karpatchev,A"]
[Black "Huemmer,B"]
[Result "1-0"]
[WhiteElo "2461"]
[BlackElo "2195"]

1.e4 g6 2.d4 Bg7 3.Nc3 d5 4.exd5 Nf6 5.Bc4 Nbd7 6.Nf3 Nb6 7.Bb3 Nbxd5 8.Nxd5 Nxd5
9.O-O O-O 10.Re1 c6 11.Bg5 Re8 12.Qd2 a5 13.a4 Be6 14.Bh6 Bh8 15.Rxe6 fxe6
16.Ng5 e5 17.c4 Nf4 18.d5 Qd7 19.g3 Nh3+ 20.Nxh3 Qxh3 21.c5 Rad8 22.d6+ e6
23.Bg5 Rd7 24.Qxa5 Qf5 25.Qd2 e4 26.Be3 h5 27.h4 Be5 28.Bc4 Rf8 29.Bf1 Qg4
30.Bg2 Rf3 31.Ra3 Kh7 32.Bxf3 exf3 33.Bf4 Bg7 34.Qe3 Bxb2 35.Rb3 e5 36.Rxb2 exf4
37.Qxf4 Qe6 38.Qxf3 Rf7 39.Re2 Qd7 40.Qxf7+  1-0

[Event "17th Unive Open 2013"]
[Site "Hoogeveen NED"]
[Date "2013.10.25"]
[Round "8.29"]
[White "Kolodkin,Daniil"]
[Black "Lesman,F"]
[Result "1-0"]
[WhiteElo "1981"]
[BlackElo "2109"]

1.e4 g6 2.d4 Bg7 3.Nc3 a6 4.Be3 d6 5.Qd2 b5 6.h4 h5 7.Nce2 Bb7 8.f3 Nd7 9.O-O-O Nb6
10.Ng3 d5 11.e5 Nh6 12.Nh3 Qd7 13.Nf4 e6 14.Kb1 Nc4 15.Bxc4 bxc4 16.c3 Bc6
17.Nfxh5 gxh5 18.Nxh5 Nf5 19.Nxg7+ Nxg7 20.Bg5 Ba4 21.Rde1 Qb5 22.Bf6 Rh7
23.g4 Kd7 24.h5 Rg8 25.f4 Ne8 26.g5 Nxf6 27.exf6 Kc8 28.g6 fxg6 29.hxg6 Rxh1
30.Rxh1 Rxg6 31.f7 Rf6 32.Rh8+ Kb7 33.f8=Q Rxf8 34.Rxf8 Qd7 35.Rh8 Qg7 36.Rh1 Qg6+
37.Ka1 Bc2 38.b3 cxb3 39.axb3 Be4 40.Re1 Qh6 41.Kb2 Qf8 42.Qh2 Qd6 43.Qh6 Bf5
44.Rg1 Qb6 45.Qf8 Qd6 46.Qxd6 cxd6 47.Rg7+ Kb6 48.Re7 Bg4 49.Kc2 Bh3 50.Kd2  1-0

[Event "3rd Panama Open"]
[Site "Panama City PAN"]
[Date "2013.10.30"]
[Round "1.13"]
[White "Fleites Marti,Y"]
[Black "Alvarez Pedraza,A"]
[Result "0-1"]
[WhiteElo "2181"]
[BlackElo "2490"]

1.e4 g6 2.Nc3 Bg7 3.d4 a6 4.Nf3 d6 5.Be3 Nd7 6.Qd2 c6 7.Bd3 b5 8.O-O Bb7
9.a4 Rc8 10.Rfe1 b4 11.Nd1 c5 12.Qe2 cxd4 13.Bxd4 Bxd4 14.Nxd4 Qb6 15.Nb3 Nc5
16.a5 Qa7 17.Nxc5 Rxc5 18.Qd2 Nf6 19.Qxb4 O-O 20.Qd4 Qb8 21.b4 Rh5 22.h3 e5
23.Qb6 Nd7 24.Qe3 f5 25.Be2 Rh4 26.exf5 Nf6 27.Qg5 Rf4 28.fxg6 Kg7 29.gxh7+ Kh8
30.Bd3 Qc7 31.Qh6 Rf7 32.Re3 Nxh7 33.Rg3 e4 34.Qg6 Qd8 35.Be2 R4f6 36.Qg4 d5
37.c3 Bc8 38.Qh5 d4 39.Qe5 d3 40.Bg4 Bxg4 41.hxg4 Re7 42.Qd4 Qxd4 43.cxd4 Rc6
44.Ne3 Rec7 45.b5 Rc1+ 46.Rxc1 Rxc1+ 47.Kh2 d2 48.g5 Re1 49.g6 Rxe3 50.Rxe3 Nf6  0-1

[Event "13th Sautron Open 2013"]
[Site "Sautron FRA"]
[Date "2013.10.30"]
[Round "6.10"]
[White "Caderon,Michel"]
[Black "Lagarde,Max"]
[Result "0-1"]
[WhiteElo "2010"]
[BlackElo "2523"]

1.e4 g6 2.d4 Bg7 3.Nc3 a6 4.Be3 d6 5.f4 b5 6.a3 Bb7 7.Bd3 Nd7 8.Nf3 Ngf6
9.e5 Nd5 10.Nxd5 Bxd5 11.O-O O-O 12.Ng5 c5 13.c3 cxd4 14.cxd4 Qb6 15.Qg4 f5
16.exf6 Nxf6 17.Qh3 e6 18.Nxe6 Bxe6 19.Qxe6+ Rf7 20.d5 Qb7 21.Qxd6 Re8 22.Rae1 Rd7
23.Qb6 Qxd5 24.Bc2 Ng4 25.Rd1 Qh5 26.h3 Nxe3 27.Rxd7 Qe2 28.Rxg7+ Kxg7 29.Qb7+ Kh6
30.Rc1 Nxc2 31.g4 Qe3+ 32.Kg2 Qd2+ 33.Kg3 Re3+ 34.Kh4 Qf2+  0-1

[Event "52nd TCh-DEN XtraCon 2013-14"]
[Site "Denmark DEN"]
[Date "2013.11.02"]
[Round "1.5"]
[White "Schmidt,Kr"]
[Black "Bromann,T"]
[Result "0-1"]
[WhiteElo "2262"]
[BlackElo "2395"]

1.e4 g6 2.d4 Bg7 3.Nc3 a6 4.Nf3 b5 5.e5 d6 6.Bf4 Bb7 7.Bd3 Nd7 8.Qe2 dxe5
9.dxe5 Bxf3 10.gxf3 e6 11.Be4 Rb8 12.O-O-O Ne7 13.Bg5 Qc8 14.f4 c6 15.Rd6 Nd5
16.Nxd5 cxd5 17.Bxd5 exd5 18.e6 Nf6 19.Qe5 O-O 20.e7 Ne4 21.Rd8 Rxd8 22.Qxb8 Re8
23.Qxc8 Rxc8 24.Rd1 Nf6  0-1

[Event "3rd Panama Open"]
[Site "Panama City PAN"]
[Date "2013.11.02"]
[Round "3.6"]
[White "Gascon,Jose Rafael"]
[Black "Ipatov,Alexander"]
[Result "0-1"]
[WhiteElo "2295"]
[BlackElo "2625"]

1.e4 g6 2.d4 Bg7 3.Nc3 a6 4.a4 d6 5.Nf3 Nf6 6.Be2 O-O 7.O-O Nc6 8.Be3 Bg4
9.d5 Bxf3 10.Bxf3 Ne5 11.Be2 c6 12.Ra3 b5 13.f4 Neg4 14.Bxg4 b4 15.Rb3 bxc3
16.dxc6 Qc7 17.Bf3 cxb2 18.Bb6 Qxc6 19.e5 Ne4 20.Qe2 d5 21.Bxe4 dxe4 22.a5 f6
23.f5 gxf5 24.Rxf5 e6 25.Rh5 Qa4 26.Qe1 Qa1 27.Kf1 fxe5+ 28.Ke2 Qc1 29.Qd1 Qxd1+
30.Kxd1  0-1

[Event "IX Chervonograd Cup A 2013"]
[Site "Chervonograd UKR"]
[Date "2013.11.15"]
[Round "8.1"]
[White "Naboka,S"]
[Black "Rakhmangulov,A"]
[Result "1/2-1/2"]
[WhiteElo "2299"]
[BlackElo "2390"]

1.e4 g6 2.d4 Bg7 3.Nc3 d5 4.exd5 Nf6 5.Nf3 Nbd7 6.Be2 O-O 7.O-O Nb6 8.Ne5 Nbxd5
9.Nxd5 Nxd5 10.c4 Nf6 11.Be3 Nd7 12.Nxd7 Qxd7 13.Qd2 c5 14.d5 b6 15.Bh6 Qd6
16.Bxg7 Kxg7 17.f4 Rd8 18.Qe3 a6 19.Rae1 Ra7 20.Rf3 b5 21.b3 Qf6 22.Qxc5 Rb7
23.cxb5 Bg4 24.bxa6 Rbd7 25.Rd3 Bxe2 26.Rxe2 Qxa6 27.Qc4 Qa8 28.h3 e6 29.f5 exf5
30.Red2 Rd6 31.Qc5 h5 32.a4 Qa6 33.Rc3 Kh7 34.a5 Qa8 35.Rcd3 Qb8 36.b4 Rc8
37.Qd4 Re8 38.Qc5 Rc8 39.Qd4 Re8 40.Qc5  1/2-1/2

[Event "IX Chervonograd Cup A 2013"]
[Site "Chervonograd UKR"]
[Date "2013.11.17"]
[Round "12.3"]
[White "Skawinski,A"]
[Black "Rakhmangulov,A"]
[Result "1/2-1/2"]
[WhiteElo "2309"]
[BlackElo "2390"]

1.e4 g6 2.d4 Bg7 3.Nc3 d5 4.exd5 Nf6 5.Bc4 Nbd7 6.Nf3 O-O 7.O-O Nb6 8.Bb3 Nbxd5
9.Nxd5 Nxd5 10.h3 c6 11.Qe2 a5 12.c4 Nf6 13.a4 h6 14.Rd1 Be6 15.Be3  1/2-1/2

[Event "23rd World Seniors 2013"]
[Site "Opatija CRO"]
[Date "2013.11.19"]
[Round "7.62"]
[White "Kiselev,Al"]
[Black "Blaeser,R"]
[Result "1-0"]
[WhiteElo "2113"]
[BlackElo "1971"]

1.e4 g6 2.d4 Bg7 3.Nc3 c5 4.Be3 Qa5 5.dxc5 Bxc3+ 6.bxc3 Qxc3+ 7.Ke2 Nc6 8.f3 Nf6
9.Kf2 O-O 10.Ne2 Qa5 11.Nd4 Rd8 12.Be2 d6 13.Nxc6 bxc6 14.Qd4 e5 15.Qd2 Qxd2
16.Bxd2 d5 17.Ba5 Re8 18.exd5 Nxd5 19.Rhd1 Be6 20.Ba6 Bc8 21.Bc4 Be6 22.Bb3 Re7
23.Ba4 Rc8 24.c4 Nf4 25.g3 Nh5 26.Rd6 Bxc4 27.Rxc6 Rb8 28.Bc3 Ng7 29.Re1 e4
30.Rxe4 Rxe4 31.fxe4 Bxa2 32.Ra6 f5 33.Bd7 fxe4 34.Rxa2 Rf8+  1-0

[Event "TCh-SWE Elitserien 2013-14"]
[Site "Sweden SWE"]
[Date "2013.11.22"]
[Round "1.2"]
[White "Nilsson,S"]
[Black "Brustkern,J"]
[Result "1-0"]
[WhiteElo "2333"]
[BlackElo "2263"]

1.e4 g6 2.d4 Bg7 3.Nc3 d5 4.exd5 Nf6 5.Bc4 Nbd7 6.Bg5 Nb6 7.Bxf6 Bxf6 8.Bb3 a5
9.a4 Bg7 10.Nge2 O-O 11.O-O c6 12.dxc6 bxc6 13.Ne4 Ba6 14.c3 Rb8 15.Nc5 Bc4
16.Bxc4 Nxc4 17.b3 Nd6 18.Qc2 Re8 19.Rad1 e6 20.Nc1 Nf5 21.Qe4 Ne7 22.N1d3 Nd5
23.Rc1 Qd6 24.Ne5 f5 25.Qe2 Bxe5 26.Qxe5 Qxe5 27.dxe5 Nf4 28.Rc2 Kf7 29.g3 Nd5
30.c4 Nb4 31.Rd2 Re7 32.Rfd1 Rb6 33.Rd8 Na6 34.Nxa6 Rxa6 35.Rb8 Raa7 36.Kf1 g5
37.Ke2 Rab7 38.Rdd8 Kg6 39.Kd3 g4 40.Kc3 f4 41.Rxb7 Rxb7 42.Rf8 fxg3 43.hxg3 c5
44.Rf6+ Kg7 45.Rxe6 Rf7 46.Kd3 Rxf2 47.Rc6 Rf3+ 48.Ke4 Rxg3 49.Kf4 Rxb3 50.Kxg4 Rb4
51.Rxc5 Rxa4 52.Kf5 Ra1 53.Rc7+ Kg8 54.e6 Re1 55.Ra7 h5 56.c5 Rc1 57.Ra8+ Kg7
58.e7  1-0

[Event "British Rapidplay 2013"]
[Site "Leeds ENG"]
[Date "2013.11.23"]
[Round "3.5"]
[White "Longson,A"]
[Black "Storey,Ch"]
[Result "1-0"]
[WhiteElo "2328"]
[BlackElo "2241"]

1.e4 g6 2.d4 Bg7 3.Nc3 c5 4.Be3 cxd4 5.Bxd4 Nf6 6.Nd5 O-O 7.Nxf6+ exf6 8.Qf3 Nc6
9.Bc3 d5 10.exd5 Re8+ 11.Be2 Ne5 12.Bxe5 fxe5 13.O-O-O e4 14.Qe3 Qf6 15.c3 Bd7
16.Nh3 b5 17.Rd4 Qh4 18.Kb1 Bxh3 19.gxh3 Bxd4 20.Qxd4 a6 21.d6 Rad8 22.Rd1 Qxh3
23.a4 Re6 24.Qb6 Rd7 25.axb5 Qxh2 26.bxa6 Rexd6 27.Rxd6 Qxd6 28.Qxd6 Rxd6
29.b4 h5 30.a7 Rd8 31.b5 h4 32.Bg4 f5 33.Bh3 f4 34.b6 e3 35.fxe3 fxe3 36.Bf1 h3
37.b7 e2 38.Bxe2 h2 39.Bf3  1-0

[Event "5th Classic Open 2013"]
[Site "London ENG"]
[Date "2013.12.07"]
[Round "1.85"]
[White "Altman,Joshua"]
[Black "Ociepka,A"]
[Result "0-1"]
[WhiteElo "1626"]
[BlackElo "2157"]

1.e4 g6 2.d4 Bg7 3.Nc3 c5 4.Be3 cxd4 5.Bxd4 Nf6 6.f3 Nc6 7.Be3 O-O 8.Qd2 d6
9.O-O-O Be6 10.Kb1 Qa5 11.a3 Rfc8 12.g4 Rab8 13.Nb5 a6 14.Qxa5 Nxa5 15.Nc3 b5
16.g5 Nd7 17.Bd4 b4 18.axb4 Rxb4 19.Bxg7 Kxg7 20.Nd5 Bxd5 21.exd5 Rcb8 22.Bd3 Rxb2+
23.Kc1 Rb1+ 24.Kd2 Rxd1+ 25.Kxd1 Rb1+ 26.Kd2 Nc5 27.Be2 Nab7 28.f4 a5 29.Bf3 Rf1
30.Ke3 Rb1 31.Ne2 Rb2 32.Rc1 a4 33.Nd4 f6 34.h4 Nd8 35.Nc6 Nf7 36.Nxe7 h6
37.gxh6+ Nxh6 38.h5 g5 39.fxg5 fxg5 40.Be4 Kf6 41.Nc6 Ng4+ 42.Kd4 a3 43.Bg6 Nh2
44.Ra1 a2 45.Kc3 Na4+ 46.Kc4 Nf3 47.Kd3 g4 48.Be4 Nc5+ 49.Ke3 Ne5 50.Nxe5 Kxe5
51.Bg6 Kf6 52.Bd3 Kg5 53.Bg6 Na4 54.Kd4 g3 55.Be4 Kxh5 56.Bg2 Rxc2 57.Bf3+ Kh4
58.Bd1 Rd2+ 59.Ke3 Rxd1 60.Rxd1 Kh3 61.Kf3 g2 62.Rg1 Nc3 63.Kf2 Nb1 64.Rxg2 a1=Q  0-1

[Event "TCh-SVK Ext 2013-14"]
[Site "Slovakia SVK"]
[Date "2013.12.07"]
[Round "3.3"]
[White "Srvatka,I"]
[Black "Likavsky,T"]
[Result "1/2-1/2"]
[WhiteElo "2190"]
[BlackElo "2450"]

1.d4 g6 2.e4 Bg7 3.Nc3 a6 4.Be3 d6 5.Qd2 Nd7 6.f3 c5 7.dxc5 Nxc5 8.Bc4 Be6
9.Bxe6 fxe6 10.Nge2 Rc8 11.O-O Nf6 12.Kh1 O-O 13.Bh6 Qc7 14.Bxg7 Kxg7 15.Rad1 e5
16.Qe3 Ne6 17.Rd2 Qc5 18.Qxc5 Rxc5 19.Kg1 Rfc8 20.Rc1 b5 21.a3 Rc4 22.Nd1 Nd4
23.Ne3 Nb3 24.Nxc4 Nxc1 25.Ne3 Nxe2+ 26.Rxe2 Kf7 27.c4 bxc4 28.Rc2 c3 29.b4 Ke6
30.Nd1 Rc4 31.Rxc3 Rd4 32.Ne3 Rd2 33.Rc6 Rd3 34.Nc4 Rc3 35.a4 Rb3 36.Rxa6 Rxb4
37.Nb6 Rb1+ 38.Kf2 Rb2+ 39.Kg1 Rb1+ 40.Kf2 Rb2+  1/2-1/2

[Event "52nd TCh-DEN XtraCon 2013-14"]
[Site "Denmark DEN"]
[Date "2013.12.08"]
[Round "3.3"]
[White "Pedersen,NicV"]
[Black "Lindfeldt,J"]
[Result "1/2-1/2"]
[WhiteElo "2394"]
[BlackElo "2286"]

1.d4 g6 2.e4 Bg7 3.Nc3 a6 4.f4 b5 5.Nf3 Bb7 6.Bd3 Nf6 7.O-O b4 8.e5 bxc3
9.exf6 Bxf6 10.bxc3 c5 11.Be3 Qc7 12.Rb1 Bd5 13.dxc5 Bxa2 14.Rb2 Be6 15.Bd4 Bxd4+
16.cxd4 Qxf4 17.c3 O-O 18.Re2 Nc6 19.Qe1 Qh6 20.Re4 Qg7 21.Rh4 f6 22.c4 Bf7
23.d5 Ne5 24.Nxe5 fxe5 25.Rf3 d6 26.Rfh3 dxc5 27.Rh6 e4 28.Bxe4 a5 29.d6 Ra7
30.Rxh7  1/2-1/2

[Event "20th Zadar Open A 2013"]
[Site "Zadar CRO"]
[Date "2013.12.17"]
[Round "4.9"]
[White "Stevic,H"]
[Black "Rukavina,J"]
[Result "1-0"]
[WhiteElo "2611"]
[BlackElo "2407"]

1.e4 g6 2.d4 Bg7 3.Nc3 c5 4.dxc5 Bxc3+ 5.bxc3 Qa5 6.Qd4 Nf6 7.Bd2 Nc6 8.Qe3 b6
9.cxb6 Qxb6 10.Bd3 Qxe3+ 11.Bxe3 d6 12.Nf3 O-O 13.O-O Bg4 14.Nd4 Rfc8 15.Ba6 Nxd4
16.cxd4 Rc3 17.Bd3 d5 18.f3 Be6 19.Bd2 Rcc8 20.a4 dxe4 21.fxe4 Bc4 22.Bb4 Ng4
23.Bxe7 Bxd3 24.cxd3 Ne3 25.Rfc1 Nc2 26.Rab1 Nxd4 27.Rxc8+ Rxc8 28.Bf6 Rc1+
29.Rxc1 Ne2+ 30.Kf2 Nxc1 31.Ke3 Nb3 32.Bd4 a6 33.Bb6 f6 34.d4 Kf7 35.Kd3 Ke6
36.Kc2  1-0

[Event "WYCC U18 Girls 2013"]
[Site "Al-Ain UAE"]
[Date "2013.12.19"]
[Round "2.14"]
[White "Michelle Catherina,P"]
[Black "Boshra,Alshaeby"]
[Result "1/2-1/2"]
[WhiteElo "2137"]
[BlackElo "1933"]

1.e4 g6 2.d4 Bg7 3.Nc3 c5 4.Nf3 cxd4 5.Nxd4 Nc6 6.Be3 Nf6 7.Nxc6 bxc6 8.e5 Ng8
9.f4 Nh6 10.Be2 O-O 11.O-O d6 12.exd6 exd6 13.Bf3 Nf5 14.Bf2 d5 15.Re1 Qa5
16.Rb1 Rb8 17.a3 Rd8 18.b4 Qc7 19.Ne2 Ba6 20.Nd4 Nxd4 21.Bxd4 Qxf4 22.Bxa7 Ra8
23.Be3 Qc7 24.a4 Be5 25.g3 d4 26.Bg5 f6 27.Rxe5 fxe5 28.Bxd8 Rxd8 29.Be4 Bc4
30.Bd3 Bd5 31.Qe2 Rf8 32.Bc4 e4 33.b5 Qb6 34.Bxd5+ cxd5 35.Kh1 d3 36.cxd3 Rf2
37.Qg4 Qe3 38.Qe6+ Kg7 39.Qd7+ Rf7 40.Qxd5 Qf3+ 41.Kg1 Qf2+ 42.Kh1 Qf3+ 43.Kg1 Qf2+
44.Kh1  1/2-1/2

[Event "Al-Ain Classic Open A 2013"]
[Site "Al-Ain UAE"]
[Date "2013.12.23"]
[Round "5.31"]
[White "Djaballah,F"]
[Black "Safranska,A"]
[Result "1/2-1/2"]
[WhiteElo "2037"]
[BlackElo "2291"]

1.e4 g6 2.d4 Bg7 3.Nc3 a6 4.Be3 b5 5.Bd3 Bb7 6.f4 d6 7.Nf3 Nd7 8.a4 b4 9.Ne2 c5
10.c3 Ngf6 11.Ng3 bxc3 12.bxc3 Qa5 13.Bd2 Qc7 14.O-O e6 15.Rb1 O-O 16.h4 Rab8
17.f5 gxf5 18.exf5 e5 19.Ng5 exd4 20.cxd4 cxd4 21.Rc1 Qd8 22.Be4 Nxe4 23.N3xe4 Nf6
24.Nxf6+ Qxf6 25.Nxh7 Qxh4 26.f6 Qxh7 27.fxg7 Rfc8 28.Rxf7 Bd5 29.Rxc8+ Rxc8
30.Rf8+ Rxf8 31.gxf8=Q+ Kxf8 32.Qf1+ Kg8 33.Qxa6  1/2-1/2

[Event "Chinese Teams 2013"]
[Site "Tianjin CHN"]
[Date "2013.12.24"]
[Round "22.1"]
[White "Xu Huahua"]
[Black "Munguntuul,B"]
[Result "1/2-1/2"]
[WhiteElo "2092"]
[BlackElo "2449"]

1.e4 g6 2.d4 Bg7 3.Nc3 a6 4.Be3 b5 5.Bd3 Bb7 6.f3 d6 7.Qd2 Nd7 8.Nce2 c5
9.c3 Qa5 10.Nh3 Ngf6 11.O-O O-O 12.Bc2 Rac8 13.d5 Ne5 14.b3 Qb6 15.Rad1 Rcd8
16.Nhf4 Bc8 17.Nd3 Nxd3 18.Bxd3 e6 19.c4 exd5 20.exd5 Rde8 21.Bg5 Nxd5 22.cxd5 c4+
23.Kh1 cxd3 24.Qxd3 b4 25.Ng3 a5 26.Rfe1 Ba6 27.Qc2 h6 28.Be7 Rc8 29.Qe4 Rfe8
30.Qf4 Rc2 31.Bf6 Rxe1+ 32.Rxe1 Qf2 33.Rg1 Bxf6 34.Qxf6 Qc5 35.Ne4 Qxd5 36.Qd8+ Kg7
37.Nf6 Qe6 38.Ne8+ Kh7 39.Nf6+ Kg7 40.Ne8+ Kh7 41.Nf6+ Kg7 42.Ne8+ Kh7  1/2-1/2

[Event "WYCC U18 Girls 2013"]
[Site "Al-Ain UAE"]
[Date "2013.12.26"]
[Round "9.16"]
[White "Pratyusha,B"]
[Black "Boshra,Alshaeby"]
[Result "1-0"]
[WhiteElo "2128"]
[BlackElo "1933"]

1.e4 g6 2.d4 Bg7 3.Nc3 c5 4.dxc5 Qa5 5.Bd2 Qxc5 6.Nd5 d6 7.Bb4 Qd4 8.Qxd4 Bxd4
9.Nc7+ Kd8 10.Nxa8 Bxb2 11.Rb1 Bg7 12.Nf3 b6 13.Ng5 Nh6 14.Bc4 Bb7 15.Nxb6 axb6
16.Bxf7 Bf6 17.h4 Bxg5 18.Bd5 Bxd5 19.hxg5 Bxe4 20.Rxh6 Bxc2 21.Rb2 Be4 22.Bc3 e5
23.Rxb6 Kc7 24.Rb4 Bxg2 25.Rbh4 Nd7 26.Rxh7 Ra8 27.a4 e4 28.Rg7 Kc6 29.a5 Nc5
30.Rxg6 Nd3+ 31.Ke2 Kc5 32.Rg7 Rf8 33.Bf6 Ra8 34.Rc7+ Kd5 35.g6 Ke6 36.g7 Kxf6
37.Rh8 Nf4+ 38.Kd2 e3+ 39.fxe3 Ne6 40.Rxa8 Nxg7 41.Rf8+  1-0

[Event "10th Schachturken-Cup 2013"]
[Site "Paderborn GER"]
[Date "2013.12.27"]
[Round "2"]
[White "Steingraeber,Kai-Uwe"]
[Black "Epishin,V"]
[Result "0-1"]
[WhiteElo "2176"]
[BlackElo "2548"]

1.e4 g6 2.d4 Bg7 3.Nc3 a6 4.a4 d6 5.Be3 Nc6 6.h3 e5 7.Nf3 exd4 8.Nxd4 Nf6
9.Bc4 O-O 10.Nde2 Qe8 11.f3 Be6 12.Nd5 Nxd5 13.Bxd5 f5 14.Nf4 Bxd5 15.Qxd5+ Qf7
16.O-O-O Rae8 17.Rhe1 fxe4 18.fxe4 Re5 19.Qxf7+ Rxf7 20.Bd2 Bh6 21.Nd3 Bxd2+
22.Rxd2 Re6 23.Rf2 Rfe7 24.Rf4 Nb8 25.b3 Nd7 26.h4 Kg7 27.Kd2 Nf6 28.Nf2 d5
29.Kd3 dxe4+ 30.Nxe4 Rd7+ 31.Ke3 Nxe4  0-1

[Event "Rilton Cup 2013-14"]
[Site "Stockholm SWE"]
[Date "2013.12.27"]
[Round "1.17"]
[White "Ask,J"]
[Black "Mihok,O"]
[Result "1/2-1/2"]
[WhiteElo "2209"]
[BlackElo "2466"]

1.e4 g6 2.d4 Bg7 3.Nc3 Nc6 4.Nf3 d5 5.exd5 Nb4 6.Bb5+ Bd7 7.Qe2 Nf6 8.Ne5 a6
9.Nxd7 Nxd7 10.Ba4 Bxd4 11.Bh6 Bxc3+ 12.bxc3 Nxd5 13.O-O c6 14.Bb3 e6 15.c4 N5f6
16.Rfe1 Qe7 17.Rad1 O-O-O 18.Qf3 Ne8 19.Qe3 Nc7 20.Bf4 e5 21.Qa7 Qc5 22.Qxc5 Nxc5
23.Bxe5 Rxd1 24.Rxd1 Re8 25.Bf6 a5 26.c3 Ne4 27.Bd4 c5 28.Be3 Nxc3 29.Rd3 Ne2+
30.Kf1 Nd4 31.Bxd4 cxd4 32.Rxd4 Ne6 33.Rd5 b6 34.Ba4 Rd8 35.Rxd8+ Kxd8 36.Ke2 Ke7
37.Ke3 f6 38.g3 Kd6 39.Be8 Kc5 40.Bf7 Nd4 41.h4 Nc2+ 42.Kd2 Nb4 43.a3 Nc6
44.Kc3 Ne5 45.Bg8 h6 46.f4 Nc6 47.Bf7 g5 48.hxg5 hxg5 49.Kd3 Nd4 50.fxg5 fxg5
51.g4 Nf3 52.Ke4 Nd2+ 53.Kf5 Nxc4 54.Kxg5 Ne5 55.Be8 b5 56.Kf5 Nxg4 57.Kxg4 a4
58.Kf4 b4 59.axb4+ Kxb4  1/2-1/2

[Event "WYCC U18 Girls 2013"]
[Site "Al-Ain UAE"]
[Date "2013.12.28"]
[Round "11.21"]
[White "Kopnicka,Henrieta"]
[Black "Boshra,Alshaeby"]
[Result "1-0"]
[WhiteElo "1776"]
[BlackElo "1933"]

1.e4 g6 2.d4 Bg7 3.Nc3 c5 4.Nf3 cxd4 5.Nxd4 Nc6 6.Nxc6 bxc6 7.Bc4 d6 8.O-O Nf6
9.e5 dxe5 10.Qxd8+ Kxd8 11.Re1 Bf5 12.Rxe5 Nd5 13.Re2 Nxc3 14.bxc3 Bxc3 15.Rb1 Ke8
16.Ba3 e6 17.h3 h5 18.Rb7 Bf6 19.f3 h4 20.Rc7 Rd8 21.Re1 Bd4+ 22.Kh1 Bf6
23.Rxa7 Rh5 24.Rc7 Rd2 25.Rxc6 Rg5 26.Bb5 Kd8 27.Bc1 Rgxg2 28.Bxd2 Rxd2 29.Bf1 Bg5
30.Rc4 Ke7 31.Re2 Rd1 32.Kg2 Kf6 33.f4 Bh6 34.Rf2 Bf8 35.Be2 Rd7 36.Bg4 Rd5
37.Rc8 Bc5 38.c4 Rd3 39.Rxc5 Rg3+ 40.Kh2 Bd3 41.Rf3  1-0

[Event "26th Staufer-Open A 2014"]
[Site "Schwaebisch Gmuend GER"]
[Date "2014.01.03"]
[Round "3.6"]
[White "Schroeder,Ja"]
[Black "Brem,S"]
[Result "1-0"]
[WhiteElo "2373"]
[BlackElo "2045"]

1.e4 g6 2.d4 Bg7 3.Nc3 c5 4.Nf3 cxd4 5.Nxd4 Nc6 6.Be3 Qa5 7.Nb3 Bxc3+ 8.bxc3 Qc7
9.c4 Nf6 10.Bd3 b6 11.h3 d6 12.f4 Bb7 13.Qe2 Nd7 14.O-O f6 15.Qg4 Bc8 16.Qh4 Nf8
17.Rae1 Be6 18.Nd4 Nxd4 19.Bxd4 O-O-O 20.e5 dxe5 21.fxe5 f5 22.c5 Nd7 23.cxb6 Nxb6
24.Rb1 Qc6 25.Qf2 Kc7 26.Rb5 Rd5 27.Rfb1 Rb8 28.a4 Rxb5 29.axb5 Qd7 30.Ra1 Kd8
31.c3 Ke8 32.Qh4 h5 33.g4 fxg4 34.Bxg6+ Kd8 35.Qxh5 gxh3 36.Qh8+ Kc7 37.Rxa7+ Rb7
38.Be8 Qc8  1-0

[Event "Bay Area International 2014"]
[Site "Santa Clara USA"]
[Date "2014.01.05"]
[Round "5.21"]
[White "Ashe,B"]
[Black "Ruiz C,J"]
[Result "1-0"]
[WhiteElo "2193"]
[BlackElo "2374"]

1.e4 c5 2.Nc3 g6 3.d4 Bg7 4.dxc5 Qa5 5.Bd2 Qxc5 6.Nd5 b6 7.Bb4 Qc6 8.Bb5 Qb7
9.Qf3 Nc6 10.Bc3 f6 11.Qg3 d6 12.Nf3 a6 13.Ba4 Bd7 14.O-O Nh6 15.Nd4 b5 16.Bb3 Rf8
17.a4 Nxd4 18.Bxd4 e5 19.Be3 bxa4 20.Bxa4 Bxa4 21.Rxa4 Kf7 22.Rb4 Qc6 23.Rb6 Qxc2
24.Rb7+ Kg8 25.Ne7+ Kh8 26.Nxg6+ hxg6 27.Bxh6 Qxe4 28.Bxg7+ Kg8 29.Bxf8 Qxb7
30.Bxd6 Kf7 31.Qh3 Rg8 32.Rc1 Rc8 33.Qxc8  1-0